Statistieken voor Vlaggen - Tegelquiz

Klik hier om de quiz te nemen!

Algemene statistieken

  • Deze quiz is 172 keer genomen
  • De gemiddelde score is 75 van 150

Antwoordstatistieken

VraagVakSelect% Correct
waarvan de vlag een Scandinavisch Kruis heeftBurundiNee
96%
waarvan de vlag een Scandinavisch Kruis heeftZwedenJa
96%
waarvan de vlag een Scandinavisch Kruis heeftNoord-MacedoniëNee
95%
waarvan de vlag een Scandinavisch Kruis heeftJamaicaNee
94%
waarvan de vlag een Scandinavisch Kruis heeftNoorwegenJa
94%
waarvan de vlag een Scandinavisch Kruis heeftDenemarkenJa
93%
waarvan de vlag een Scandinavisch Kruis heeftDominicaNee
93%
waarvan de vlag een Scandinavisch Kruis heeftTongaNee
93%
waarvan de vlag een Scandinavisch Kruis heeftAustraliëNee
92%
waarvan de vlag een Scandinavisch Kruis heeftDominicaanse RepubliekNee
92%
waarvan de vlag een Scandinavisch Kruis heeftFinlandJa
92%
waarvan de vlag een Scandinavisch Kruis heeftIJslandJa
88%
waarvan de vlag een Scandinavisch Kruis heeftVerenigd KoninkrijkNee
82%
waarvan de vlag een Scandinavisch Kruis heeftZwitserlandNee
81%
waarvan de vlag een Scandinavisch Kruis heeftGeorgiëNee
79%
waarvan de vlag ENKEL drie horizontale strepen (geen symbolen) heeftKroatiëNee
71%
waarvan de vlag ENKEL drie horizontale strepen (geen symbolen) heeftEgypteNee
69%
waarvan de vlag ENKEL drie horizontale strepen (geen symbolen) heeftIrakNee
68%
waarvan de vlag ENKEL drie horizontale strepen (geen symbolen) heeftIranNee
68%
waarvan de vlag ENKEL drie horizontale strepen (geen symbolen) heeftNederlandJa
68%
waarvan de vlag ENKEL drie horizontale strepen (geen symbolen) heeftIndiaNee
67%
waarvan de vlag ENKEL drie horizontale strepen (geen symbolen) heeftLaosNee
67%
waarvan de vlag ENKEL drie horizontale strepen (geen symbolen) heeftOostenrijkJa
67%
waarvan de vlag ENKEL drie verticale strepen (geen symbolen) heeftBarbadosNee
66%
waarvan de vlag ENKEL drie horizontale strepen (geen symbolen) heeftEcuadorNee
66%
waarvan de vlag ENKEL drie verticale strepen (geen symbolen) heeftGuatemalaNee
66%
waarvan de vlag ENKEL drie horizontale strepen (geen symbolen) heeftLuxemburgJa
66%
waarvan de vlag ENKEL drie verticale strepen (geen symbolen) heeftMexicoNee
66%
waarvan de vlag ENKEL drie horizontale strepen (geen symbolen) heeftRuslandJa
66%
waarvan de vlag ENKEL drie verticale strepen (geen symbolen) heeftAfghanistanNee
65%
waarvan de vlag ENKEL drie horizontale strepen (geen symbolen) heeftDuitslandJa
65%
waarvan de vlag ENKEL drie verticale strepen (geen symbolen) heeftItaliëJa
65%
waarvan de vlag een gelijkbenige driehoek erin heeftBhutanNee
64%
waarvan de vlag ENKEL drie horizontale strepen (geen symbolen) heeftBulgarijeJa
64%
waarvan de vlag ENKEL drie verticale strepen (geen symbolen) heeftCanadaNee
64%
waarvan de vlag ENKEL drie verticale strepen (geen symbolen) heeftFrankrijkJa
64%
waarvan de vlag ENKEL drie verticale strepen (geen symbolen) heeftIerlandJa
64%
waarvan de vlag een gelijkbenige driehoek erin heeftSalomonseilandenNee
64%
waarvan de vlag ENKEL drie verticale strepen (geen symbolen) heeftBelgiëJa
63%
waarvan de vlag een gelijkbenige driehoek erin heeftSeychellenNee
62%
waarvan de vlag GEEN rood bevatAlbaniëNee
61%
waarvan de vlag ENKEL drie verticale strepen (geen symbolen) heeftAndorraNee
61%
waarvan de vlag GEEN rood bevatAngolaNee
61%
waarvan de vlag een gelijkbenige driehoek erin heeftMarshalleilandenNee
61%
waarvan de vlag GEEN rood bevatOekraïneJa
61%
waarvan de vlag een gelijkbenige driehoek erin heeftTanzaniaNee
61%
waarvan de vlag GEEN rood bevatGriekenlandJa
60%
waarvan de vlag ENKEL drie horizontale strepen (geen symbolen) heeftNigerNee
60%
waarvan de vlag GEEN rood bevatSloveniëNee
59%
waarvan de vlag een gelijkbenige driehoek erin heeftDemocratische Republiek CongoNee
58%
waarvan de vlag GEEN blauw bevatHondurasNee
58%
waarvan de vlag GEEN blauw bevatCosta RicaNee
57%
waarvan de vlag een gelijkbenige driehoek erin heeftPapoea Nieuw GuineaNee
56%
waarvan de vlag GEEN rood bevatBosnië en HerzegovinaJa
55%
waarvan de vlag GEEN rood bevatBraziliëJa
55%
waarvan de vlag GEEN rood bevatCyprusJa
55%
waarvan de vlag GEEN blauw bevatHaïtiNee
55%
waarvan de vlag GEEN blauw bevatIsraëlNee
55%
waarvan de vlag GEEN blauw bevatJapanJa
55%
waarvan de vlag ENKEL drie verticale strepen (geen symbolen) heeftKameroenNee
55%
waarvan de vlag GEEN blauw bevatChiliNee
54%
waarvan de vlag ENKEL drie verticale strepen (geen symbolen) heeftRoemeniëJa
54%
waarvan de vlag GEEN blauw bevatCambodiaNee
53%
waarvan de vlag GEEN rood bevatEstlandJa
53%
waarvan de vlag GEEN rood bevatHongarijeNee
53%
waarvan de vlag een gelijkbenige driehoek erin heeftTsjechiëJa
53%
waarvan de vlag ENKEL drie horizontale strepen (geen symbolen) heeftArmeniëJa
50%
waarvan de vlag GEEN zwart bevatChinaJa
50%
waarvan de vlag GEEN blauw bevatIndonesiëJa
50%
waarvan de vlag WEL groen bevatMonacoNee
50%
waarvan de vlag WEL groen bevatTurkijeNee
50%
waarvan de vlag GEEN zwart bevatMozambiqueNee
49%
waarvan de vlag GEEN blauw bevatTunesiëJa
49%
waarvan de vlag GEEN zwart bevatKoeweitNee
48%
waarvan de vlag WEL groen bevatSlowakijeNee
48%
waarvan de vlag een halve maan bevatSpanjeNee
48%
waarvan de vlag GEEN zwart bevatArgentiniëJa
47%
waarvan de vlag een halve maan bevatLiechtensteinNee
47%
waarvan de vlag WEL groen bevatMaltaNee
47%
waarvan de vlag ENKEL drie verticale strepen (geen symbolen) heeftPeruJa
47%
waarvan de vlag een halve maan bevatPortugalNee
47%
waarvan de vlag WEL groen bevatThailandNee
47%
waarvan de vlag JUIST één ster bevatVerenigde StatenNee
47%
waarvan de vlag GEEN blauw bevatBangladeshJa
46%
waarvan de vlag GEEN zwart bevatMalawiNee
46%
waarvan de vlag een halve maan bevatNamibiëNee
46%
waarvan de vlag ENKEL drie verticale strepen (geen symbolen) heeftNigeriaJa
46%
waarvan de vlag een gelijkbenige driehoek erin heeftZuid-AfrikaJa
46%
waarvan de vlag GEEN rood bevatAlgerijeNee
45%
waarvan de vlag WEL groen bevatColombiaNee
45%
waarvan de vlag WEL groen bevatIvoorkustJa
45%
waarvan de vlag GEEN zwart bevatLesothoNee
45%
waarvan de vlag JUIST één ster bevatNieuw-ZeelandNee
45%
waarvan de vlag JUIST één ster bevatPanamaNee
45%
waarvan de vlag WEL groen bevatKiribatiNee
44%
waarvan de vlag GEEN zwart bevatBruneiNee
43%
waarvan de vlag GEEN blauw bevatBahreinJa
41%
waarvan de vlag GEEN blauw bevatGhanaJa
41%
waarvan de vlag JUIST één ster bevatGrenadaNee
41%
waarvan de vlag WEL groen bevatMadagascarJa
41%
waarvan de vlag JUIST één ster bevatVietnamJa
41%
waarvan de vlag GEEN zwart bevatBotswanaNee
40%
waarvan de vlag JUIST één ster bevatEl SalvadorNee
40%
waarvan de vlag GEEN blauw bevatJemenJa
40%
waarvan de vlag een halve maan bevatMaliNee
40%
waarvan de vlag WEL groen bevatCentraal-Afrikaanse RepubliekJa
39%
waarvan de vlag JUIST één ster bevatKaapverdiëNee
39%
waarvan de vlag GEEN zwart bevatLetlandJa
39%
waarvan de vlag JUIST één ster bevatMarokkoJa
39%
waarvan de vlag een halve maan bevatPakistanJa
37%
waarvan de vlag GEEN zwart bevatBoliviaJa
36%
waarvan de vlag GEEN blauw bevatEthiopiëNee
36%
waarvan de vlag WEL groen bevatLitouwenJa
36%
waarvan de vlag GEEN rood bevatFederale Staten van MicronesiëJa
35%
waarvan de vlag een halve maan bevatKyrgyzistanNee
35%
waarvan de vlag GEEN zwart bevatBahama'sNee
34%
waarvan de vlag GEEN rood bevatGabonNee
34%
waarvan de vlag WEL groen bevatGambiaJa
34%
waarvan de vlag een gelijkbenige driehoek erin heeftJordaniëJa
34%
waarvan de vlag GEEN zwart bevatLibanonJa
33%
waarvan de vlag WEL groen bevatRepubliek CongoJa
33%
waarvan de vlag GEEN zwart bevatAzerbeidzjanJa
32%
waarvan de vlag GEEN blauw bevatBeninJa
32%
waarvan de vlag een gelijkbenige driehoek erin heeftSoedanJa
32%
waarvan de vlag WEL groen bevatGuyanaJa
31%
waarvan de vlag WEL groen bevatKeniaJa
31%
waarvan de vlag JUIST één ster bevatNoord-KoreaJa
31%
waarvan de vlag een halve maan bevatOezbekistanJa
30%
waarvan de vlag een halve maan bevatKazachstanNee
29%
waarvan de vlag een gelijkbenige driehoek erin heeftFilipijnenJa
28%
waarvan de vlag een halve maan bevatMaleisiëJa
28%
waarvan de vlag JUIST één ster bevatSurinameJa
28%
waarvan de vlag een halve maan bevatLibiëJa
26%
waarvan de vlag een halve maan bevatMaldivenJa
26%
waarvan de vlag een gelijkbenige driehoek erin heeftOost-TimorJa
26%
waarvan de vlag JUIST één ster bevatCubaJa
24%
waarvan de vlag ENKEL drie verticale strepen (geen symbolen) heeftGuineeJa
23%
waarvan de vlag GEEN rood bevatRwandaJa
23%
waarvan de vlag JUIST één ster bevatBurkina FasoJa
21%
waarvan de vlag een gelijkbenige driehoek erin heeftZimbabweJa
21%
waarvan de vlag een gelijkbenige driehoek erin heeftEritreaJa
20%
waarvan de vlag GEEN zwart bevatLiberiëJa
20%
waarvan de vlag een halve maan bevatMauritaniëJa
20%
waarvan de vlag GEEN rood bevatSomaliëNee
19%
waarvan de vlag GEEN zwart bevatBelizeJa
18%
waarvan de vlag een halve maan bevatComorenJa
18%
waarvan de vlag JUIST één ster bevatMyanmarJa
18%
waarvan de vlag JUIST één ster bevatDjiboutiJa
16%
waarvan de vlag een halve maan bevatMongoliëJa
15%
waarvan de vlag JUIST één ster bevatGuinee-BissauJa
12%

Scoreverdeling

Percentiel versus Aantal Correcte Antwoorden

Procent van Mensen met Elke Score

Uw Scoregeschiedenis

U heeft deze quiz nog niet genomen